00738nam a2200229Ia 4500003000400000005001700004008004100021040000700062041000800069082001800077100002700095245005900122260003200181300001200213365001300225650002200238650002200260906005900282942001200341999001900353952013600372OSt20250708114117.0210423s2005 xx 000 0 und d cAL aeng a070.18 bALTA aStanley R Alten986005 aAudio in mediab: principles technology and production aU KbCengage Learningc2005 a531bPB b395cINR aJournalism986006 aMass Media986007 aAudio ; media: ; principles ; production. ; technology 2ddccBK c157150d157150 001040708MAJMCaSACPGbSACPGd2009-09-29eKnowledge Worldg395.00l0o070.18 ALTApPG003626r2022-08-24 00:00:00w2021-04-26yBK